| 000 | 03588cam a2200409 a 4500 | ||
|---|---|---|---|
| 001 | ocn428100741 | ||
| 005 | 20250205130740.0 | ||
| 006 | m o d | ||
| 007 | cr cn||||||||| | ||
| 008 | 090728s1980 ne a ob 001 0 eng d | ||
| 020 | _a9780444418470 | ||
| 020 | _a0444418474 | ||
| 040 |
_aKO _beng |
||
| 041 | 0 | _aeng | |
| 082 | 0 | 4 |
_a574.5/2636 _222 |
| 245 | 0 | 0 |
_aMarine environmental pollution. _n1, _pHydrocarbons / _cedited by Richard A. Geyer. |
| 246 | 3 | _aHydrocarbons | |
| 260 |
_aAmsterdam ; _aNew York : _bElsevier Scientific Pub. Co. ; _aNew York, N.Y. : _bDistributors for the U.S. and Canada, Elsevier/North-Holland, _c1980. |
||
| 300 |
_a1 online resource (1 volume) : _billustrations |
||
| 338 | _aonline resource | ||
| 490 | 1 |
_aElsevier oceanography series ; _vv. 27, pt. 1 |
|
| 505 | 0 | _aBy nature. Oil ecology / Carl H. Oppenheimer -- Naturally occuring hydrocarbons in the Gulf of Mexico and Caribbean Sea / Richard A. Geyer, Charles P. Giammona -- Sources of biogenic methane in the Gulf of Mexico / Bernie B. Bernard -- Gaseous and volatile liquid hydrocarbons in the marine environment with emphasis on the Gulf of Mexico / Theodor C. Sauer Jr., William M. Sackett -- Petroleum residues in the marine environment / Lela M. Jeffrey -- Geographic distribution of petroleum hydrocarbons in surficial bottom sediments of the Gulf of Mexico / Lewis R. Brown, Melvin Light, C. Douglas Minchew -- Biota near natural marine hydrocarbon seeps in the western Gulf of Mexico / Charles P. Giammona -- Ecology of a submarine petroleum seep off the California coast / Robert B. Spies, Paul H. Davis, Daniel H. Stuermer -- Distribution of hydrocarbon-oxidizing bacteria on the Georgia shelf area and oil-degrading activities / Carl H. Oppenheimer, Susain Siegel, Larry Day, Catherine Duncan -- Environmental effects of a natural brine seep at the East Flower Garden Bank, northwestern Gulf of Mexico / Thomas J. Bright, Eric N. Powell, Richard Rezak -- By man. Worldwide status of research on fate and effect of oil in the marine environment / H.R. Gould, C.B. Koons -- Processes affecting the fate of oil in the sea / Richard F. Lee -- Oil pollution in ice-covered Arctic waters / Gunter Weller -- Effects of oil and gas drilling operations on the marine environment / David A. Gettleson -- Environmental aspects of drilling muds and cuttings from oil and gas operations in offshore and coastal waters / Jack H. Thompson Jr., Eugene A. Shinn, Thomas J. Bright -- Effects of drilling mud o n the growth rate of reef-building coral, Montastrea Annularis / J. Harold Hudson, Daniel M. Robbin -- Drilling mud plumes from offshore drilling operations : implications for coral survival / E.A. Shinn, J.H. Hudson, D.M. Robbin, Carol K. Lee -- Evaluation of impacts of the "Saninena" explosion and Bunker C spill in Los Angeles Harbor, December 1976 / Dorothy F. Soule. | |
| 504 | _aIncludes bibliographical references and indexes. | ||
| 650 | 0 | _aMarine pollution. | |
| 650 | 6 |
_aPollution marine. _0(CaQQLa)201-0005872 |
|
| 650 | 7 |
_amarine pollution. _2aat _0(CStmoGRI)aat300055356 |
|
| 650 | 7 |
_aMarine pollution. _2fast _0(OCoLC)fst01009826 |
|
| 700 | 1 | _aGeyer, Richard A. | |
| 830 | 0 |
_aElsevier oceanography series ; _vv. 27, pt. 1. |
|
| 856 | _uhttps://www.sciencedirect.com/science/book/9780444418470 | ||
| 856 | _uhttps://www.sciencedirect.com/science/bookseries/04229894/27/part/PA | ||
| 856 | _uhttps://www.sciencedirect.com/science/issue/40094-1980-999729999.7998-691121 | ||
| 904 | _aRUDRA_R | ||
| 905 | _aR_RANJAN | ||
| 942 |
_2ddc _cEB |
||
| 999 |
_c3339 _d3339 |
||